Normal view
MARC view
- المناخ والارض -الارصاد الجوية
Entry Topical Term
001 - CONTROL NUMBER
- control field: 13991
003 - CONTROL NUMBER IDENTIFIER
- control field: JO-AjAnu
005 - DATE AND TIME OF LATEST TRANSACTION
- control field: 20230606072533.0
008 - FIXED-LENGTH DATA ELEMENTS
- fixed length control field: 230606|| aca||aabn | a|a d
040 ## - CATALOGING SOURCE
- Original cataloging agency: JO-AjAnu
- Transcribing agency: JO-AjAnu
150 ## - HEADING--TOPICAL TERM
- Topical term or geographic name entry element: المناخ والارض -الارصاد الجوية
670 ## - SOURCE DATA FOUND
- Source citation: Work cat.: (JO-AjAnu)7192: الشهاوي ، محمد احمد, author 13990, تغير المناخ ومستقبل الارض